01543 a2200217 4500003000500000005001700005010001600022020001500038040000900053082001300062100003000075245004700105250001100152260004900163300003400212505094100246650001301187942001201200999001901212952009401231Nust20221205141910.0 a 74190465 a0155117327 cNust00a530, MIL1 aMiller, Franklin,910414410aCollege physicsc[by] Franklin Miller, Jr. a3d ed. aNew York,bHarcourt Brace Jovanovichc[1972] axviii, 749 p.billus.c24 cm. aThe Nature of Physics (Page-1), Structure and Properties of Matter (Page-14), Kinematics-The Description of Motion (Page-25), Dynamics (Page-57), Statics (Page-81), Conservation of Momentum and Energy (Page-110), Relativity (Page-140), Rotation (Page-163), Elasticity and Vibration (Page-195), Wave Motion (Page-219), Interference and Stationary Waves (Page-238), Fluids (Page-261), Temperature and Expansion (Page-287), Heat and Heat Transfer (Page-300), Thermal Behavior of Gases (Page-319), The Theory of Heat (Page-336), Electric Charge (Page-357), Electric Field (Page-376), Electric Energy (Page-399), Electric Circuits (Page-411) ,Electromagnetism (Page-437), Applied Electricity (Page-463), Electromagnetic Waves (Page-491), Geometrical Optics (Page-509), Wave Optics (Page-536), Applied Optics (Page-567), Electrons and Photons (Page-590), The Outer Atom (Page-609), The Nucleus (Page-629), Applied Nuclear Physics (Page-654).  0aPhysics. 2ddccBK c180610d180610 00102ddc4070aMCSbMCScGENd2016-12-12o530, MILpMCS7469r2016-12-08w2016-12-12yBK